Cấu trúc phổ phân tử

Nội dung sách trình bày bản chất của ba loại phổ của phân tử tự do: phổ điện tử, phổ dao động và phổ quay, Ngoài ra sách còn đề cập đến quy luật phổ của các phân tử trong hệ tương tác

保存先:
書誌詳細
第一著者: Lý, Hòa
フォーマット: 図書
言語:Undetermined
出版事項: Hà Nội Đại học và Trung học chuyên nghiệp 1975
主題:
タグ: タグ追加
タグなし, このレコードへの初めてのタグを付けませんか!
Thư viện lưu trữ: Trung tâm Học liệu Trường Đại học Cần Thơ
LEADER 00847nam a2200193Ia 4500
001 CTU_10036
008 210402s9999 xx 000 0 und d
082 |a 539.12 
082 |b H401 
100 |a Lý, Hòa 
245 0 |a Cấu trúc phổ phân tử 
245 0 |c Lý Hòa 
260 |a Hà Nội 
260 |b Đại học và Trung học chuyên nghiệp 
260 |c 1975 
520 |a Nội dung sách trình bày bản chất của ba loại phổ của phân tử tự do: phổ điện tử, phổ dao động và phổ quay, Ngoài ra sách còn đề cập đến quy luật phổ của các phân tử trong hệ tương tác 
650 |a Molecular structure,Spectrum analysis 
904 |i Minh, 961004 
980 |a Trung tâm Học liệu Trường Đại học Cần Thơ